Science Quiz

Random Science or Math Quiz
Score 0/46 Timer 03:00
0 Plays Today
% Correct
3
95.3%
7
94.9%
11
93.1%
13
92.8%
17
92.1%
5
91.6%
23
90.3%
19
89.1%
29
86.6%
37
86.4%
31
85.7%
2
85.1%
41
81.4%
47
81.4%
43
80.6%
53
78.2%
67
73.7%
61
72.7%
71
72.4%
59
72.1%
73
70.6%
79
70.3%
83
69.6%
% Correct
97
65.7%
101
65.1%
103
64.8%
89
64%
107
63.9%
113
62.7%
109
54.2%
127
52.1%
131
48.8%
137
47.9%
139
39.1%
149
36.5%
151
35.7%
157
34%
167
31%
199
30.3%
163
28.5%
197
28.4%
173
27.3%
191
26.7%
193
26.7%
179
25.8%
181
24.6%
Remove Ads.
Support Sporcle.
Get the best of Sporcle when you Go Orange. This ad-free experience offers more features, more stats, and more fun while also helping to support Sporcle. Thank you for becoming a member.

You're not logged in!

Compare scores with friends on all Sporcle quizzes.
OR
Log In

Sporcle TV

Today on Sporcle TV


Watch our educational content, quiz creation guides, and fun videos on Sporcle TV.

Show Comments

Extras

Top Quizzes Today


Score Distribution

Paid Content

Your Account Isn't Verified!

In order to create a playlist on Sporcle, you need to verify the email address you used during registration. Go to your Sporcle Settings to finish the process.

Report this User

Report this user for behavior that violates our Community Guidelines.

Details: